| 000 | 00386cam a2200157ua 4500 | ||
|---|---|---|---|
| 041 |
_aeng _h |
||
| 082 |
_a823.301 _bHEN/HO |
||
| 100 | _aHenry, Treece . | ||
| 245 |
_aHorned Helmet / _cHenry Treece. _hTextual Documents |
||
| 250 |
_a1 / _b. |
||
| 260 |
_aLondon : _bUniversity of London Press Ltd , _c1963. |
||
| 300 | _a111 ; . | ||
| 504 | _a | ||
| 942 | _cBK | ||
| 999 |
_c6906 _d6906 |
||